[Event "FRA-ch Blitz"]
[Site "Asnieres sur Seine"]
[Date "2023.06.24"]
[Round "8"]
[White "Gatineau, Yovann"]
[Black "Lamard, Guillaume"]
[Result "0-1"]
[WhiteElo "2362"]
[BlackElo "2523"]
[PlyCount "131"]
[EventDate "2023.06.24"]
[EventType "swiss (blitz)"]
[EventRounds "13"]
[EventCountry "FRA"]
[SourceTitle "CBM 214 Extra"]
[Source "ChessBase"]
[SourceDate "2023.07.31"]
[SourceVersion "1"]
[SourceVersionDate "2023.07.31"]
[SourceQuality "1"]

1. d4 Nf6 2. Bf4 e6 3. e3 c5 4. Nf3 Nc6 5. c3 Be7 6. Nbd2 0-0 7. h3 b6 8. Bd3 Bb7 9. 0-0 cxd4 10. exd4 d6 11. Bh2 a6 12. Qe2 Re8 13. Rad1 b5 14. Rfe1 Bf8 15. Ne4 Na5 16. Nfg5 Nxe4 17. Nxe4 Rc8 18. a4 bxa4 19. Bxa6 Bxa6 20. Qxa6 Nc4 21. Re2 Qd7 22. Ra1 d5 23. Nc5 Bxc5 24. dxc5 Rxc5 25. Qxa4 Qxa4 26. Rxa4 Rb5 27. b4 e5 28. Bf4 f6 29. Be3 Re7 30. Bc5 Rd7 31. Ra1 Kf7 32. g4 Rb8 33. Kg2 Kg6 34. Kg3 h5 35. f3 Nd6 36. Ra6 Nc4 37. f4 exf4+ 38. Kxf4 hxg4 39. hxg4 Rh8 40. Ra7 Rxa7 41. Bxa7 Ra8 42. Re7 Nd6 43. Bd4 Nb5 44. Rb7 Nxd4 45. cxd4 Ra3 46. b5 Rd3 47. b6 Rxd4+ 48. Kf3 Rb4 49. Rd7 Rb3+ 50. Kf4 Rb4+ 51. Kf3 Rxb6 52. Rxd5 Re6 53. Kf4 Ra6 54. Rb5 Ra4+ 55. Kf3 Kh7 56. Kg3 Ra3+ 57. Kf4 g5+ 58. Ke4 Rg3 59. Kf5 Rf3+ 60. Ke6 Kg6 61. Rb8 Re3+ 62. Kd5 Rg3 63. Ke6 Re3+ 64. Kd5 Re1 65. Rb4 Rf1 66. Re4 0-1

[Event "FRA-ch Blitz"]
[Site "Asnieres sur Seine"]
[Date "2023.06.24"]
[Round "11"]
[White "Lamard, Guillaume"]
[Black "Tregubov, Pavel V"]
[Result "0-1"]
[WhiteElo "2523"]
[BlackElo "2553"]
[PlyCount "132"]
[EventDate "2023.06.24"]
[EventType "swiss (blitz)"]
[EventRounds "13"]
[EventCountry "FRA"]
[SourceTitle "CBM 214 Extra"]
[Source "ChessBase"]
[SourceDate "2023.07.31"]
[SourceVersion "1"]
[SourceVersionDate "2023.07.31"]
[SourceQuality "1"]

1. d4 Nf6 2. c4 e6 3. g3 Bb4+ 4. Bd2 Qe7 5. Nf3 Bxd2+ 6. Nbxd2 0-0 7. Bg2 d6 8. e4 e5 9. d5 a5 10. 0-0 Nbd7 11. b3 Nc5 12. Qc2 Nh5 13. a3 f5 14. b4 Nxe4 15. Nxe4 fxe4 16. Nd2 axb4 17. axb4 Rxa1 18. Rxa1 e3 19. fxe3 Qg5 20. Qd3 Nf6 21. Rf1 Ng4 22. Rxf8+ Kxf8 23. Nf1 Qf5 24. Qxf5+ Bxf5 25. e4 Bg6 26. h3 Nf6 27. Nd2 Ke7 28. Kf2 h6 29. Bf3 b6 30. Ke3 Be8 31. c5 bxc5 32. bxc5 dxc5 33. Nc4 c6 34. Nxe5 cxd5 35. exd5 Bb5 36. g4 g5 37. Bg2 Ba6 38. Bf3 Bf1 39. d6+ Kxd6 40. Nf7+ Ke6 41. Nxh6 Bxh3 42. Kd3 Bf1+ 43. Ke3 Bb5 44. Nf5 Ke5 45. Nh6 Be8 46. Be2 Nd5+ 47. Kd2 Kf4 48. Nf5 Bd7 49. Nh6 Nf6 50. Kc3 Nxg4 51. Nf7 Ne5 52. Nd6 g4 53. Nb7 g3 54. Bf1 c4 55. Nd6 Be6 56. Kd4 Nf3+ 57. Kc3 Ke3 58. Bg2 Kf2 59. Bh1 Ke3 60. Bg2 Ne5 61. Bh1 Bg4 62. Bd5 Bf3 63. Nf5+ Kf4 64. Bxf3 Kxf3 65. Kd4 g2 66. Nh4+ Kf2 0-1

[Event "Titled Tuesday intern op 20th Jun Early"]
[Site "Chess.com INT"]
[Date "2023.06.20"]
[Round "4"]
[White "Causo, Deniel"]
[Black "Lamard, Guillaume"]
[Result "1-0"]
[WhiteElo "2224"]
[BlackElo "2523"]
[PlyCount "111"]
[EventDate "2023.06.20"]
[EventType "swiss (blitz)"]
[EventRounds "11"]
[EventCountry "USA"]
[SourceTitle "EXT 2024"]
[Source "ChessBase"]
[SourceDate "2023.10.10"]
[SourceVersion "1"]
[SourceVersionDate "2023.10.10"]
[SourceQuality "1"]

1. e4 c5 2. c3 Nf6 3. e5 Nd5 4. d4 d6 5. Nf3 cxd4 6. cxd4 Nc6 7. Bc4 e6 8. 0-0 Be7 9. Qe2 0-0 10. Rd1 Nb6 11. Bb3 Bd7 12. Nc3 Nb4 13. a3 N4d5 14. Ne4 a6 15. exd6 Bb5 16. dxe7 Bxe2 17. exd8Q Rfxd8 18. Re1 Bxf3 19. gxf3 a5 20. Nc5 a4 21. Ba2 Nd7 22. Nxd7 Rxd7 23. Bxd5 Rxd5 24. Be3 Rb5 25. Re2 Rc8 26. Rc1 Rxc1+ 27. Bxc1 h6 28. Rc2 Kh7 29. Bd2 Kg6 30. Kf1 Kh5 31. Bc3 Kh4 32. Re2 Kh3 33. Re4 Rf5 34. Ke2 g5 35. f4 g4 36. Kf1 Kxh2 37. Re3 Rxf4 38. d5 Rf5 39. dxe6 fxe6 40. Be5+ Kh1 41. Bg3 h5 42. Rxe6 Rc5 43. Rh6 b5 44. Ke2 Kg2 45. Kd3 Rf5 46. Kc3 Rf3+ 47. Kc2 Rf5 48. Rh7 Kh3 49. Kc3 Kg2 50. Kb4 Kh3 51. Ka5 Rd5 52. Rb7 Rd2 53. Rxb5 h4 54. Rh5 Rxb2 55. Rxh4+ Kg2 56. Rxg4 1-0

[Event "Titled Tuesday intern op 20th Jun Early"]
[Site "Chess.com INT"]
[Date "2023.06.20"]
[Round "5"]
[White "Lamard, Guillaume"]
[Black "Papayan, Oleg"]
[Result "1-0"]
[WhiteElo "2523"]
[BlackElo "2253"]
[PlyCount "93"]
[EventDate "2023.06.20"]
[EventType "swiss (blitz)"]
[EventRounds "11"]
[EventCountry "USA"]
[SourceTitle "EXT 2024"]
[Source "ChessBase"]
[SourceDate "2023.10.10"]
[SourceVersion "1"]
[SourceVersionDate "2023.10.10"]
[SourceQuality "1"]

1. e4 e5 2. Nf3 Nc6 3. Bb5 Nf6 4. d3 Bc5 5. Bxc6 dxc6 6. Qe2 Qe7 7. Nbd2 Bg4 8. h3 Bh5 9. g4 Bg6 10. Nc4 Nd7 11. a3 a5 12. Ne3 f6 13. Nf5 Qf8 14. h4 h5 15. g5 fxg5 16. Bxg5 Bxf5 17. exf5 Qxf5 18. d4 e4 19. dxc5 Qxf3 20. Qxf3 exf3 21. 0-0-0 Nxc5 22. Rd4 0-0 23. Rg1 Rae8 24. b4 axb4 25. axb4 Ne6 26. Rd7 Rf7 27. Rxf7 Kxf7 28. Be3 Ke7 29. Kb2 Rf8 30. Ra1 Rf5 31. Ra7 b5 32. Ra8 Nf4 33. Rg8 Kf7 34. Rc8 Nd5 35. Bc5 Rf4 36. Rf8+ Ke6 37. Re8+ Kf7 38. Rf8+ Kg6 39. Re8 Rxh4 40. Re6+ Kf5 41. Rxc6 g5 42. Rh6 g4 43. Kc1 Rh2 44. Kd2 h4 45. Kd3 g3 46. fxg3 hxg3 47. Ra6 1-0